| 000 | 00837nam a22002417a 4500 | ||
|---|---|---|---|
| 001 | 2050 | ||
| 005 | 20231103114254.0 | ||
| 020 | _a9781447299554 | ||
| 040 |
_aFISKH _beng _cFISKH _dFISKH _eFISKH |
||
| 082 | _2823.914 | ||
| 100 | _aDale, Jenny | ||
| 245 |
_aTilly the tidy puppy / _cJenny Dale's PUPPY TALES |
||
| 260 |
_aLondon : _bMacmillan, _c2015 |
||
| 300 |
_a60 pages : _c20 cm |
||
| 505 | _aM | ||
| 520 | _aEach title in this series focuses on a different puppy. Tilly loves to tidy things up - after all, he mother is a sheepdog and trained to tidy up strays Not everyone appreciates Tilly's talents - until her skills suddenly prove unexpectedly useful... | ||
| 521 |
_a600 _bLexile estimate |
||
| 521 |
_aM _bRaz-Plus |
||
| 650 | _2dog | ||
| 650 | _2puppy | ||
| 700 |
_aRodgers, Frank _cIllustrator |
||
| 942 |
_2ddc _cBK _n0 |
||
| 999 |
_c2050 _d2050 |
||